Fakta bersepadu spm Sejarah Malaysia tingkatan 4 dan 5

Bibliographic Details
Main Author: C.Lian
Format: Book
Published: K.L : Pustaka Sistem Pelajaran Sdn.Bhhd , 1995
Subjects:

MARC

LEADER 00000cam a2200000 7i4500
001 0000006098
002 000006588
005 20000330.0
020 |a 9679025942 
090 0 0 |a 959.509   |b CLI 
100 0 |a C.Lian 
245 1 0 |a Fakta bersepadu spm Sejarah Malaysia tingkatan 4 dan 5   |c C.Lian 
260 |a K.L :   |b Pustaka Sistem Pelajaran Sdn.Bhhd ,   |c 1995 
300 |a 2488p. ;   |c 25cm. 
650 0 0 |a Malaysia   |x History   |x SPM 
999 |a 038240   |b BUKU   |c RUJUKAN   |e PERPUSTAKAAN KOMUNITI PETALING JAYA 
999 |a 038241   |b BUKU   |c RUJUKAN   |e PERPUSTAKAAN KOMUNITI PETALING JAYA